000 01018nam a2200241Ia 4500
003 OSt
005 20201006101625.0
008 191128s1994 sp ao gr 000 0 spa d
020 _a9580427739
040 _aCO-JMCR
_cCO-JMCR
041 0 _aspa
082 0 4 _a649.1 /
_bB827s
_223
100 1 _aBrazelton, T. Berry,
_eautor
_911287
245 1 0 _aSu hijo :
_bmomentos claves en su desarrollo desde el período prenatal hasta los seis años /
_cT. Berry Brazelton
260 _aBarcelona ; Bogotá :
_bNorma,
_c1994.
300 _a542 páginas :
_bfotografías en blanco y negro ;
_c23 cm.
500 _aIncluye tabla de contenido
505 0 _aIntroducción -- momentos claves del desarrollo -- el embarazo: primer momento clave -- el recién nacido como individuo -- los recién nacidos padres -- tres semanas -- seis a ocho semanas -- cuatro meses -- siete meses -- siete meses -- nueve meses
650 2 4 _aDesarrollo infantil
_9162
650 2 4 _aNiños
_911288
650 2 4 _aCrecimiento
_96119
942 _2ddc
_cBK
999 _c3418
_d3418